000 00967nas a2200313 4500
001 BR0300341
003 BR-BrBNA
005 20231205103513.0
007 ta
008 230509b bl.|||p| |||| 00| 00por d
040 _aBR-BrBNA
_bpor
_cBiblioteca Nacional de Agricultura
041 _a(Pt)
072 _aF61
100 1 _aBertoni, J.C.
100 1 _aHolanda, F.S.R.
100 1 _aCarvalho, J.G. de
100 1 _aFurtini Neto, A.E.
100 1 _aAssis, M.P. de
245 1 _aEfeito do cobre no crescimento do arroz irrigado por inundação e eficiência do extrator DTPA na predição da disponibilidade de cobre
650 _aARROZ IRRIGADO
650 _aCOBRE
650 _aESTUFA
650 _aVÁRZEA
650 _aNUTRIENTE
650 _aNUTRIÇÃO VEGETAL
773 0 _tCiência e Agrotecnologia (Brazil)
_xISSN 1413-7054
_g(Jan-Mar 2000), v. 24(1) p. 62-73
_wBR0300341
909 _a202311
_bLúcia
_c55
_dLúcia Elande
942 _2AGRIS
_n0
_cANA
999 _c173225
_d173225